TV Shows by Best Bros - Statistics

General Stats
  • This quiz has been taken 30 times
  • The average score is 14 of 16
Answer Stats
Picture Hint Answer % Correct
Peter & Quagmire Family Guy
100%
[Title] & Shaggy Scooby-Doo
100%
Kyle & Stan South Park
100%
Barney & Fred The Flintstones
100%
Lenny & Carl The Simpsons
100%
Kirk & Spock Star Trek
96%
Sheldon & Leonard The Big Bang Theory
96%
Michael & Dwight The Office
96%
Joey & Chandler Friends
93%
Barney & Ted How I Met Your Mother
89%
Bert & Ernie Sesame Street
89%
JD & Turk Scrubs
74%
Kramer & Newman Seinfeld
74%
Charles & Jake Brooklyn Nine-Nine
70%
Troy & Abed Community
52%
[Title] & Barney The Andy Griffith Show
37%
No matching quizzes found
Score Distribution
Percent of People with Each Score
Percentile by Number Answered
Your Score History
You have not taken this quiz